000 00720nab a2200229 u 4500
001 07960
003 HDC
007 cr bn ---aaaaa
008 210129c mydr|nes 0 a may d
040 _aHDC
245 0 _aeBaucar tingkat pendaftaran
260 _aKuala Lumpur :
_bUTUSAN MALAYSIA,
_c2014
336 _atext
_2rdacontent
337 _acomputer
_2rdamedia
338 _aonline resource
_2rdacarrier
650 _aBusiness industry
_96119
650 _aEntrepreneurs
_951
856 _zRequest full-text at [email protected]
942 _2lcc
942 _cNEWS
942 _kNWSC 001267
999 _c5283
_d5283